| 000 | 00463nmm a2200169Ia 4500 | ||
|---|---|---|---|
| 008 | 251105s9999||||xx |||||||||||||||||und|| | ||
| 020 | _a9788446041610 | ||
| 041 | _aspa | ||
| 100 | _aManzoni, Alessandro | ||
| 245 | 0 | _aLos novios | |
| 264 |
_a[Madrid, España] : _bAkal, _c2015 |
||
| 300 | _a624 páginas | ||
| 490 | _aAkal Clásicos de la Literatura | ||
| 650 | _aOther narratives | ||
| 856 | _uhttps://public.digitaliapublishing.com/a/37591 | ||
| 942 | _cCF | ||
| 999 |
_c83017 _d83017 |
||